00466 2200193 4500001002100000005001500021008004100036020001800077035001900095041000700114082001000121090001600131100001600147245002400163260003400187300002500221500001000246650001600256INLIS00000000000092920241224112244241224||||||||| | ||| |||| || |  a979-518-729-5 0010-1224000929 aid0 a370.1 a370.1 DAR e0 aH. Daryanto00aEvaluasi Pendidikan aJakartabRineka CiptacJun-05 aviii,227 hlm.;20 cm. aCet.3 0aIlmu Sosial